000 00583nam a2200181Ia 4500
003 GCL
008 140319s9999 xx 000 0 ara d
040 _aGCL /
_cGCL
082 0 4 _a250
_bش ن
100 1 _aالصفورى , الشافعى , عبدالرحمن
245 1 0 _aنزهة المجلس ومنتخب النفائس /
_cالصفورى , الشافعى , عبدالرحمن
260 _a[S.N] :
_bدار الجيل ،
_c1988
300 _a639 ص
490 _a
650 0 4 _aالشريعة الاسلامية
650 0 4 _aالفقه الاسلامى
942 _2ddc
_cBK
999 _c54783
_d54783